logo

Bir Sreshtho Munshi Abdur Rouf Library
Jhenaidah Cadet College

The satanic verses / (Record no. 12680)

MARC details
000 -LEADER
fixed length control field 00662nam a2200265 a 4500
001 - CONTROL NUMBER
JCCL Control Number 17582
003 - CONTROL NUMBER IDENTIFIER
JCCL marc code BD-JhCC
005 - DATE AND TIME OF LATEST TRANSACTION
control field 20230323130426.0
008 - FIXED-LENGTH DATA ELEMENTS--GENERAL INFORMATION
fixed length control field 880629s1988 nyu 000 1 eng
020 ## - INTERNATIONAL STANDARD BOOK NUMBER
International Standard Book Number 0670825379
020 ## - INTERNATIONAL STANDARD BOOK NUMBER
International Standard Book Number 096327072
035 ## - SYSTEM CONTROL NUMBER
system control number (BD-JhCC)
035 ## - SYSTEM CONTROL NUMBER
system control number 1971231
040 ## - CATALOGING SOURCE
Original cataloging agency LC
Transcribing agency LC
Modifying agency XNTU
041 ## - LANGUAGE CODE
Language code of Book eng
050 00 - LIBRARY OF CONGRESS CALL NUMBER
Classification number PR9499.3.R8
Item number S28 1989
082 04 - DEWEY DECIMAL CLASSIFICATION NUMBER
Classification number 823/.9/14
DDC Edition number 19
Author mark and Year SAS 1988
100 1# - MAIN ENTRY--PERSONAL NAME
Personal name Rushdie, Salman.
245 14 - TITLE STATEMENT
Title The satanic verses /
Statement of responsibility, etc Salman Rushdie.
250 ## - EDITION STATEMENT
Edition statement 1st American edition.
260 ## - PUBLICATION, DISTRIBUTION, ETC. (IMPRINT)
Place of publication, distribution, etc New York, N.Y. :
Name of publisher, distributor, etc Viking,
Date of publication, distribution, etc 1988.
263 ## - PROJECTED PUBLICATION DATE
Projected publication date 8902
300 ## - PHYSICAL DESCRIPTION
Pagination 546 p. ;
Dimensions 25 cm.
942 ## - ADDED ENTRY ELEMENTS (KOHA)
Source of classification or shelving scheme Dewey Decimal Classification
Koha item type Books
Holdings
Source of classification or shelving scheme Damaged status Not for loan Home library Current library Shelving location Date of accession Total Checkouts Full call number Barcode Checked out Date last seen Date checked out Copy number Method of acquisition Koha item type Currency
Dewey Decimal Classification     JCC Rouf Library JCC Rouf Library General Stacks 03/23/2023 5 823/.9/14 SAS 1988 17582 03/01/2026 02/03/2026 02/03/2026 C-1 Gift/Donation Books BDT

JCC Library | Contacts | JCC Home

Last Update on 23 September 2017
Copyright @ 2017-2020 JCC Rouf Library
Rouf Library, Jhenidah Cadet College (JCC), Bangladesh